Central Library OPAC University of Rajshahi

The state and society in our times : (Record no. 24410)

MARC details
000 -LEADER
fixed length control field 00961nam a2200277I 4500
001 - CONTROL NUMBER
control field 24410
003 - CONTROL NUMBER IDENTIFIER
rucl marc code BD-RjUL
005 - DATE AND TIME OF LATEST TRANSACTION
control field 20211209001040.0
008 - FIXED-LENGTH DATA ELEMENTS--GENERAL INFORMATION
fixed length control field 140313s1962 enk b 001 0 eng d
035 ## - SYSTEM CONTROL NUMBER
System control number (BD-RjUL)24476
System control number (OCoLC)00522959
040 ## - CATALOGING SOURCE
Original cataloging agency DLC
Transcribing agency OUN
Modifying agency OCL
-- m.c.
-- RCD
-- BD-RjUL
Language of cataloging eng
041 ## - LANGUAGE CODE
Language code of text/sound track or separate title eng
082 04 - DEWEY DECIMAL CLASSIFICATION NUMBER
Edition number 20
Classification number 342.73029
Author mark and year SCS 1962
100 1# - MAIN ENTRY--PERSONAL NAME
Personal name Schieder, Theodor.
9 (RLIN) 75155
245 14 - TITLE STATEMENT
Title The state and society in our times :
Remainder of title studies in the history of the nineteenth and twentieth centuries /
Statement of responsibility, etc. Theodor Schieder ; Translated by C. A. M. Sym.
260 ## - PUBLICATION, DISTRIBUTION, ETC. (IMPRINT)
Place of publication, distribution, etc. London ;
-- New York :
Name of publisher, distributor, etc. T. Nelson,
Date of publication, distribution, etc. 1962.
300 ## - PHYSICAL DESCRIPTION
Pagination vii, 168 p. ;
Size 23 cm.
490 1# - SERIES STATEMENT
Series statement Nelson's studies in modern history
504 ## - BIBLIOGRAPHY, ETC. NOTE
Bibliography, etc Includes bibliographical references and index.
650 #0 - SUBJECT ADDED ENTRY--TOPICAL TERM
Topical term or geographic name as entry element Constitutional history.
9 (RLIN) 75156
830 #0 - SERIES ADDED ENTRY--UNIFORM TITLE
Uniform title Nelson's studies in modern history.
942 ## - ADDED ENTRY ELEMENTS (KOHA)
Source of classification or shelving scheme Dewey Decimal Classification
Koha item type Books
Holdings
Lost status Source of classification or shelving scheme Damaged status Not for loan Collection code Permanent Location Current Location Shelving location Date acquired Source of acquisition Cost, normal purchase price Total Checkouts Full call number Date last seen Copy number Koha item type
  Dewey Decimal Classification   Added to bundle Non-fiction Central Library, University of Rajshahi Central Library, University of Rajshahi Reading Room 02/03/1964 Zeitlinger. 14.00   342.73029 SCS 1962 13/03/2014 C-1 Books